01095nam a22003257a 4500001000400000003000600004005001700010008004100027010001700068020001500085040003000100042000900130050002000139051003700159082001100196100001900207245002800226250001400254260003400268300002600302490002400328505000600352520011100358521001800469521001800487650002400505710005100529856008500580856010400665446FISKH20250602092739.0230421b cb ||||| |||| 00| 0 eng d a 73183163  a006023959X aDLCbengcDLCdDLCdFISKH alcac00aPZ10.3.L787bFr aPZ10.3.L787bFr Copy 2cJuv Coll00a813.541 aLobel, Arnold.10aFrog and toad together. a[1st ed.] aNew York,bHarper & Rowc1972 a64 p.billus.c23 cm.0 aAn I can read book. aF aFive further adventures of two best friends as they share cookies, plant a garden, and test their bravery.8 a450 bLexile8 aF bRaz-Plus 0aFriendshipvFiction2 aJuvenile Collection (Library of Congress)5DLC423Publisher descriptionuhttp://www.loc.gov/catdir/description/hc044/73183163.html423Contributor biographical informationuhttp://www.loc.gov/catdir/enhancements/fy0910/73183163-b.html